Country names in Slovene - Statistics

General Stats
  • This quiz has been taken 33 times
    12 since last reset
  • The average score is 48 of 60
Answer Stats
Hint Answer % Correct
Azerbajdžan Azerbaijan
100%
Bolgarija Bulgaria
100%
Kamerun Cameroon
100%
Ciper Cyprus
100%
Finska Finland
100%
Francija France
100%
Nova Zelandija New Zealand
100%
Severna Makedonija North Macedonia
100%
Papua Nova Gvineja Papua New Guinea
100%
Filipini Philippines
100%
Poljska Poland
100%
Romunija Romania
100%
Združeni Arabski Emirati United Arab Emirates
100%
Bosna in Hercegovina Bosnia and Herzegovina
91%
Bocvana Botswana
91%
Kambodža Cambodia
91%
Ekvador Ecuador
91%
Grčija Greece
91%
Irska Ireland
91%
Malezija Malaysia
91%
Severna Koreja North Korea
91%
Savdska Arabija Saudi Arabia
91%
Slovaška Slovakia
91%
Španija Spain
91%
Tajska Thailand
91%
Turčija Turkey
91%
Alžirija Algeria
82%
Hrvaška Croatia
82%
Vzhodni Timor East Timor
82%
Nemčija Germany
82%
Kuvajt Kuwait
82%
Kirgizistan Kyrgyzstan
82%
Litva Lithuania
82%
Mehika Mexico
82%
Črna Gora Montenegro
82%
Norveška Norway
82%
Južna Afrika South Africa
82%
Švedska Sweden
82%
Švica Switzerland
82%
Združene države Amerike United States
82%
Kitajska China
73%
Džibuti Djibouti
73%
Ekvatorialna Gvineja Equatorial Guinea
73%
Nikaragva Nicaragua
73%
Združeno Kraljevstvo United Kingdom
73%
Gvajana Guyana
64%
Madžarska Hungary
64%
Island Iceland
64%
Mavricij Mauritius
64%
Sveti Vincencij in Grenadine Saint Vincent and the Grenadines
64%
Nizozemska Netherlands
55%
Sejšeli Seychelles
55%
Salomonovi otoki Solomon Islands
55%
Srednjeafriška Republika Central African Republic
45%
Komori Comoros
45%
Gruzija Georgia
45%
Sveti Krištof in Nevis Saint Kitts and Nevis
45%
Sveti Tomaž in Princ Sao Tome and Principe
45%
Slonokoščena Obala Ivory Coast
36%
Zelenortski otoki Cape Verde
27%
No matching quizzes found
Score Distribution
Percent of People with Each Score
Percentile by Number Answered
Your Score History
You have not taken this quiz since the last reset